Derecho civil (Registro nro. 400)

Detalles MARC
000 -LEADER
fixed length control field 01410 a2200229 4500
001 - CONTROL NUMBER
control field 4207
005 - DATE AND TIME OF LATEST TRANSACTION
control field 20260407155432.0
008 - FIXED-LENGTH DATA ELEMENTS--GENERAL INFORMATION
fixed length control field 260407a2011 arg spa d
003 - CONTROL NUMBER IDENTIFIER
control field AR-UNSa-BCEJYS
040 ## - CATALOGING SOURCE
Original cataloging agency AR-UNSa-BCEJYS
Language of cataloging spa
Transcribing agency AR-UNSa-BCEJYS
080 ## - UNIVERSAL DECIMAL CLASSIFICATION NUMBER
Universal Decimal Classification number 347
Common auxiliary subdivision Derecho Civil
020 ## - INTERNATIONAL STANDARD BOOK NUMBER
International Standard Book Number 978-950-534-972-2
100 1# - MAIN ENTRY--PERSONAL NAME
Personal name Roitbarg, Marcelo R.
245 10 - TITLE STATEMENT
Title Derecho civil
Name of part/section of a work parte general
250 ## - EDITION STATEMENT
Edition statement 4a. ed.
264 #1 - PRODUCTION, PUBLICATION, DISTRIBUTION, MANUFACTURE, AND COPYRIGHT NOTICE
Place of production, publication, distribution, manufacture Buenos Aires :
Name of producer, publisher, distributor, manufacturer A-Z Editora
Date of production, publication, distribution, manufacture, or copyright notice 2011
300 ## - PHYSICAL DESCRIPTION
Extent vii, 163 p.
Dimensions 22 cm.
505 ## - FORMATTED CONTENTS NOTE
Formatted contents note 1. Introducción y nociones generales - 2. Fuentes del derecho civil - 3. El Código Civil Argentino - 4. La interpretación de la ley - 5. Efectos de la ley con relación al territorio - 6. Efectos de la ley con relación al tiempo - 7. Los elementos de las relaciones jurídicas - 8. La persona - 9. Derechos y atributos de la personalidad - 10. El nombre - 11. El Estado - 12. Domicilio - 13. Capacidad - 14. Fin de la existencia de las personas físicas - 15. Personas jurídicas - 16. Patrimonio - 17. Bienes y cosas - 18. Hechos y actos jurídicos - 19. Forma de los actos jurídicos - 20. Vicios de los actos jurídicos - 21. Nulidad de los actos jurídicos - 22. Extinción de las relaciones jurídicas
590 ## - LOCAL NOTE (RLIN)
Local note niveau_biblio:m niveau_hierar:0
856 41 - ELECTRONIC LOCATION AND ACCESS
Uniform Resource Identifier <a href="https://biblioeco.unsa.edu.ar/pmb/images/libros/Derecho Civil-l118365 (2).jpg">https://biblioeco.unsa.edu.ar/pmb/images/libros/Derecho Civil-l118365 (2).jpg</a>
Link text Imagen de portada
Electronic format type image/jpeg
942 ## - ADDED ENTRY ELEMENTS (KOHA)
Koha item type
Existencias
Withdrawn status Lost status Damaged status Not for loan Home library Current library Shelving location Date acquired Total checkouts Full call number Barcode Date last seen Price effective from Koha item type
        Biblioteca Prof. Eusebio Cleto del Rey Biblioteca Prof. Eusebio Cleto del Rey   07/04/2026   347 R741 4ed. L118365 07/04/2026 07/04/2026 Libro